[Event "Titled Tue 20th May Early"]
[Site "chess.com INT"]
[Date "2025.05.20"]
[Round "9"]
[White "Jedryczka, Krystian"]
[Black "Newansa, M Esandi"]
[Result "0-1"]
[BlackTitle "WCM"]
[WhiteElo "2084"]
[BlackElo "1947"]
[WhiteFideId "1109472"]
[BlackFideId "9999060"]
[EventDate "2025.05.20"]

1. e4 c6 2. d4 d5 3. e5 Bf5 4. Nf3 e6 5. c3 Ne7 6. Be2 Nd7 7. O-O h6 8. h3 c5 9.
Na3 a6 10. Nc2 Nc6 11. Ne3 Bh7 12. Bd3 Bxd3 13. Qxd3 Be7 14. Bd2 Qb6 15. b3 cxd4
16. cxd4 Nb4 17. Qe2 Nb8 18. a3 N4c6 19. b4 Nxd4 20. Nxd4 Qxd4 21. Rac1 Nc6 22.
Ng4 h5 23. Be3 Qe4 24. f3 Qf5 25. Nf2 Qxe5 26. f4 Qf5 27. Rfe1 O-O 28. Bb6 Bh4
29. Qf3 Rfc8 30. g4 hxg4 31. hxg4 Qh7 32. Kg2 Ne7 33. Rh1 Ng6 34. Bc7 b5 35. Nd3
Ra7 36. Bb6 Raa8 37. f5 exf5 38. gxf5 Ne7 39. Qg4 Nxf5 40. Bc5 g5 41. Ne5 Re8
42. Nd7 Qg6 43. Bd4 Nxd4 44. Qxd4 Re2+ 45. Kf1 Re6 46. Qxd5 Rae8 47. Kg2 Rd6 48.
Qa2 Qe4+ 49. Kf1 Qxh1# 0-1

[Event "Titled Tue 20th May Early"]
[Site "chess.com INT"]
[Date "2025.05.20"]
[Round "9"]
[White "Souleidis, Georgios"]
[Black "Goltsev, Dmitry"]
[Result "0-1"]
[WhiteTitle "IM"]
[BlackTitle "FM"]
[WhiteElo "2418"]
[BlackElo "2183"]
[WhiteFideId "4206827"]
[BlackFideId "24176710"]
[EventDate "2025.05.20"]

1. e4 e6 2. d4 d5 3. Nc3 c5 4. exd5 exd5 5. dxc5 Nf6 6. Bb5+ Nc6 7. Nf3 Bxc5 8.
O-O O-O 9. Bg5 a6 10. Ba4 Bg4 11. h3 Bh5 12. g4 Bg6 13. Bb3 d4 14. Nd5 Qd6 15.
Nxf6+ gxf6 16. Bh4 d3 17. Kg2 Rad8 18. Bg3 Qd7 19. cxd3 Bxd3 20. Re1 Bb4 21. Re3
Bc5 22. Re1 Ne7 23. Qc1 Bb4 24. Rd1 Qb5 25. Qf4 Ng6 26. Qxf6 Be7 27. Qc3 Be4 28.
Qe3 Bc6 29. Rxd8 Rxd8 30. Rd1 Rxd1 31. Bxd1 Qxb2 32. Bb3 a5 33. Kh2 a4 34. Bc4
b5 35. Bd3 Bf8 36. Ne5 Bd5 37. Nxg6 hxg6 38. Be2 Qxa2 39. Be5 Qa3 40. Kg3 Qxe3+
41. fxe3 b4 42. Bd3 a3 43. e4 Be6 0-1

[Event "Titled Tue 20th May Early"]
[Site "chess.com INT"]
[Date "2025.05.20"]
[Round "9"]
[White "Ebrahimi Herab, Hamidreza"]
[Black "Nitish, Belurkar"]
[Result "1-0"]
[WhiteTitle "FM"]
[BlackTitle "IM"]
[WhiteElo "2404"]
[BlackElo "2454"]
[WhiteFideId "22512888"]
[BlackFideId "5084768"]
[EventDate "2025.05.20"]

1. d4 Nf6 2. c4 g6 3. Nc3 Bg7 4. e4 d6 5. Be2 O-O 6. Bg5 c5 7. d5 b5 8. cxb5 a6
9. a4 Qa5 10. Bd2 axb5 11. Bxb5 Ba6 12. Nge2 Bxb5 13. Nxb5 Qb6 14. Nec3 Na6 15.
O-O Nb4 16. Be3 Rfe8 17. Qb3 Ng4 18. Bd2 Ne5 19. h3 Reb8 20. Be3 Qa5 21. Qd1
Ned3 22. Qe2 Re8 23. Rad1 Ne5 24. f4 Nd7 25. Bf2 Nb6 26. Nc7 Nxa4 27. Nxe8 Bxc3
28. Nxd6 exd6 29. bxc3 Nxc3 30. Qf3 Nxd1 31. Rxd1 Qa3 32. Qg4 Qb2 33. e5 Ra2 34.
Qf3 Ra1 35. exd6 Ra8 36. Bxc5 Na6 37. Bd4 Qb4 38. Be5 f6 39. Bxf6 Qxd6 40. Be5
Qb6+ 41. Kh2 Rf8 42. d6 Qb5 43. Rd5 Qd7 44. Qb3 Qf7 45. Qb5 Nb8 46. d7 1-0

[Event "Titled Tue 20th May Early"]
[Site "chess.com INT"]
[Date "2025.05.20"]
[Round "9"]
[White "Aakash, G"]
[Black "Harsh, Suresh"]
[Result "1-0"]
[WhiteTitle "FM"]
[BlackTitle "IM"]
[WhiteElo "2114"]
[BlackElo "2392"]
[WhiteFideId "25644394"]
[BlackFideId "45018464"]
[EventDate "2025.05.20"]

1. d4 a6 2. c4 e6 3. Nc3 d5 4. cxd5 exd5 5. Nf3 c6 6. Bg5 Be7 7. h4 h6 8. Bf4
Bd6 9. Be5 Bxe5 10. Nxe5 Nd7 11. Nxd7 Bxd7 12. e3 Ne7 13. Bd3 Bf5 14. h5 Bxd3
15. Qxd3 Qd7 16. f3 Nf5 17. O-O-O Nd6 18. e4 dxe4 19. fxe4 O-O-O 20. Rhf1 f6 21.
Na4 Kb8 22. Nc5 Qf7 23. e5 Nb5 24. e6 Qe7 25. a4 Rxd4 26. Nd7+ Ka8 27. Qe3 Rc4+
28. Kb1 Rb4 29. Nb6+ Kb8 30. axb5 Rxb5 31. Rf4 Re8 32. Re4 f5 33. Re5 Rxe5 34.
Qxe5+ Ka7 35. Nd7 Qxe6 36. Qd4+ 1-0

[Event "Titled Tue 20th May Early"]
[Site "chess.com INT"]
[Date "2025.05.20"]
[Round "9"]
[White "Piorun, Kacper"]
[Black "Klukin, Kirill"]
[Result "1-0"]
[WhiteTitle "GM"]
[BlackTitle "IM"]
[WhiteElo "2577"]
[BlackElo "2407"]
[WhiteFideId "1130420"]
[BlackFideId "24199273"]
[EventDate "2025.05.20"]

1. e4 c5 2. Nf3 g6 3. c3 Bg7 4. d4 cxd4 5. cxd4 d5 6. e5 a6 7. h3 Nc6 8. Be2 f6
9. exf6 Nxf6 10. O-O O-O 11. Nc3 Nh5 12. Re1 Nf4 13. Bf1 Qd6 14. Be3 Bd7 15. Rc1
Kh8 16. Na4 Rae8 17. Nc5 Bc8 18. a3 Qf6 19. Bxf4 Qxf4 20. Nd3 Qd6 21. Nde5 Rf4
22. g3 Rf6 23. h4 Ref8 24. Bg2 Bf5 25. Nxc6 bxc6 26. Ne5 Bd7 27. f4 Be8 28. Qe2
a5 29. Rc3 Qb8 30. Nf3 e6 31. Ne5 Qa7 32. Qe3 Qb6 33. Re2 h5 34. Kh2 Bh6 35. Nd3
Bd7 36. Rf2 Kg7 37. Nc5 Bc8 38. Rb3 Qc7 39. Qe5 Qe7 40. Bh3 Kh7 41. Rb6 Rxf4 42.
Rxf4 Qxh4 43. Rxh4 Rf2+ 44. Bg2 Bg7 45. Qc7 Rxg2+ 46. Kxg2 Kh6 47. Rxc6 g5 48.
Qxc8 Bxd4 49. Qxe6+ 1-0

[Event "Titled Tue 20th May Early"]
[Site "chess.com INT"]
[Date "2025.05.20"]
[Round "9"]
[White "Sahib, Singh"]
[Black "Tan, Jun Ying"]
[Result "1-0"]
[WhiteTitle "FM"]
[BlackTitle "FM"]
[WhiteElo "2416"]
[BlackElo "2414"]
[WhiteFideId "25618342"]
[BlackFideId "5710413"]
[EventDate "2025.05.20"]

1. e4 g6 2. d4 Bg7 3. Nc3 d6 4. Be3 a6 5. a4 Nf6 6. h3 O-O 7. Nf3 c5 8. dxc5 Qa5
9. Bd3 dxc5 10. O-O Nc6 11. Nd2 Ne5 12. Nb3 Qc7 13. Nxc5 Neg4 14. hxg4 Nxg4 15.
Qxg4 Bxg4 16. Nd5 Qe5 17. f4 Qh5 18. Nxe7+ Kh8 19. Nd5 Bxb2 20. c3 f6 21. Ra2 b6
22. Nb3 Be2 23. Bxe2 Qxe2 24. Rb1 Qd3 25. Raxb2 Qxe4 26. c4 b5 27. Nd2 Qf5 28.
axb5 axb5 29. Rxb5 Qd3 30. R5b3 Qf5 31. Rb6 Rae8 32. Bd4 Re6 33. Rb8 Rxb8 34.
Rxb8+ Kg7 35. Nf3 Kh6 36. Rb7 Qg4 37. Bxf6 g5 38. Bxg5+ Kg6 39. Ne7+ Kh5 40. Nd5 1-0

[Event "Titled Tue 20th May Early"]
[Site "chess.com INT"]
[Date "2025.05.20"]
[Round "9"]
[White "Punin, Andrii"]
[Black "Goryachkina, Aleksandra"]
[Result "0-1"]
[WhiteTitle "FM"]
[BlackTitle "GM"]
[WhiteElo "2289"]
[BlackElo "2544"]
[WhiteFideId "14112639"]
[BlackFideId "4147103"]
[EventDate "2025.05.20"]

1. e4 c6 2. d4 d5 3. exd5 cxd5 4. Bd3 Nc6 5. c3 Nf6 6. h3 e5 7. dxe5 Nxe5 8. Nf3
Nxd3+ 9. Qxd3 Bd6 10. O-O O-O 11. Be3 Ne4 12. Nbd2 Bf5 13. Qe2 Re8 14. Rad1 Qf6
15. Rfe1 h6 16. Qb5 Rad8 17. Qxb7 Nxd2 18. Bxd2 Be4 19. Qxa7 Bxf3 20. Rxe8+ Rxe8
21. gxf3 Qg6+ 22. Kh1 Qf5 23. Kg2 Re6 24. Qd4 Rg6+ 25. Kf1 Qxf3 26. Be3 Qxh3+
27. Ke2 Qh5+ 28. Kd2 Rg4 29. Qd3 Bf4 30. Kc2 Bxe3 31. fxe3 Rg2+ 32. Rd2 Rxd2+
33. Qxd2 Qf5+ 34. Kb3 h5 35. a4 h4 36. Qg2 h3 37. Qg3 Qf1 38. Kb4 Qg2 39. Qb8+
Kh7 0-1

[Event "Titled Tue 20th May Early"]
[Site "chess.com INT"]
[Date "2025.05.20"]
[Round "9"]
[White "Fishman, Albert"]
[Black "Boramanikar, Tanisha S"]
[Result "1-0"]
[BlackTitle "WCM"]
[WhiteElo "2149"]
[BlackElo "1743"]
[WhiteFideId "2090597"]
[BlackFideId "35023454"]
[EventDate "2025.05.20"]

1. e4 c5 2. Ne2 d6 3. g3 Nc6 4. Bg2 Nf6 5. O-O g6 6. c3 Bg7 7. h3 O-O 8. d4 cxd4
9. cxd4 Bd7 10. Nbc3 Rc8 11. Be3 a6 12. Rc1 b5 13. Kh2 e5 14. d5 Ne7 15. Qb3 Ne8
16. a4 f5 17. axb5 axb5 18. Nxb5 Rb8 19. Nec3 f4 20. Ba7 Rb7 21. Rfe1 f3 22. Bf1
Bh6 23. Be3 Bxe3 24. Rxe3 Nc7 25. Ra1 Nxb5 26. Bxb5 Qb6 27. Qa3 Bxb5 28. Nxb5
Qxb5 29. Qxd6 Qxb2 30. Rf1 Qd4 31. Qe6+ Rf7 32. Rxf3 Nxd5 33. Rxf7 Rxf7 34. Qxd5
Qxd5 35. exd5 Rd7 36. Rd1 Kf7 37. Kg2 Kf6 38. Kf3 Kf5 39. Ke3 h5 40. f3 g5 41.
g4+ hxg4 42. hxg4+ Kf6 43. Ke4 Rd6 44. Rc1 Kf7 45. Kxe5 Ra6 46. Rc7+ Kg6 47.
Rc6+ Rxc6 48. dxc6 1-0

[Event "Titled Tue 20th May Early"]
[Site "chess.com INT"]
[Date "2025.05.20"]
[Round "9"]
[White "Mattenberger, Matthias"]
[Black "Kshatriya, Nitin Vekhande"]
[Result "1/2-1/2"]
[WhiteTitle "FM"]
[BlackTitle "FM"]
[WhiteElo "2286"]
[BlackElo "2255"]
[WhiteFideId "1339958"]
[BlackFideId "45075530"]
[EventDate "2025.05.20"]

1. d4 Nf6 2. c4 e6 3. Nc3 d5 4. cxd5 exd5 5. Bg5 Be7 6. e3 c6 7. Bd3 O-O 8. Qc2
h6 9. Bh4 Re8 10. Nge2 Nbd7 11. O-O Ne4 12. Bxe7 Qxe7 13. Bxe4 dxe4 14. Rfd1 Nf6
15. d5 cxd5 16. Nxd5 Nxd5 17. Rxd5 b6 18. Qa4 Bg4 19. Nc3 Rac8 20. h3 Be6 21.
Rd4 f5 22. Rad1 Rc5 23. Rd6 Ra5 24. Qd4 Qf7 25. a3 Rc5 26. Qb4 Kh7 27. R1d4 Rec8
28. Qa4 Rc4 29. Rxc4 Rxc4 30. Qb5 Rc5 31. Qb4 Bc4 32. Qa4 Rc7 33. Rd4 Bd3 34.
Qb4 f4 35. Nxe4 Rc1+ 36. Kh2 fxe3 37. Rxd3 e2 38. Re3 Qf4+ 39. Ng3 Qxe3 40. fxe3
e1=Q 41. Qe4+ Kg8 42. Qe8+ Kh7 43. Qe4+ Kg8 44. Qe8+ Kh7 45. Qe4+ 1/2-1/2

[Event "Titled Tue 20th May Early"]
[Site "chess.com INT"]
[Date "2025.05.20"]
[Round "9"]
[White "Kosteniuk, Alexandra"]
[Black "Sarana, Alexey"]
[Result "0-1"]
[WhiteTitle "GM"]
[BlackTitle "GM"]
[WhiteElo "2479"]
[BlackElo "2686"]
[WhiteFideId "4128125"]
[BlackFideId "24133795"]
[EventDate "2025.05.20"]

1. e4 c5 2. d4 cxd4 3. Qxd4 Nc6 4. Qd3 Nf6 5. Nc3 g6 6. Nf3 d6 7. Be2 Bg7 8. O-O
O-O 9. Nd5 Nd7 10. c3 Nc5 11. Qc2 e6 12. Ne3 f5 13. exf5 gxf5 14. Rd1 b6 15. Nf1
Bb7 16. Ng3 Qe7 17. Bg5 Qf7 18. Rxd6 Ne5 19. Nd4 f4 20. Bh5 Qc7 21. Nb5 Qb8 22.
Ne2 a6 23. Be7 axb5 24. Bxf8 Qxf8 25. Rxb6 f3 26. Nd4 fxg2 27. b4 Be4 28. Qe2
Ncd7 29. Rxe6 Bd5 30. Qxb5 Bxe6 31. Nxe6 Qd6 32. Nxg7 Kxg7 33. Rd1 Qe6 34. a4
Rf8 35. Qe2 Qf5 36. a5 Nf6 37. Re1 Nd3 38. Rd1 Nf4 39. Qe7+ Kg8 40. Bf3 Ng4 41.
Rd8 Nh3+ 42. Kxg2 Qxf3+ 43. Kf1 Qxf2# 0-1

[Event "Titled Tue 20th May Early"]
[Site "chess.com INT"]
[Date "2025.05.20"]
[Round "9"]
[White "Kravtsiv, Martyn"]
[Black "Mishra, Abhimanyu"]
[Result "1/2-1/2"]
[WhiteTitle "GM"]
[BlackTitle "GM"]
[WhiteElo "2598"]
[BlackElo "2605"]
[WhiteFideId "14113147"]
[BlackFideId "30920019"]
[EventDate "2025.05.20"]

1. e4 c5 2. Nc3 d6 3. f4 g6 4. Nf3 Bg7 5. Bb5+ Bd7 6. Bc4 Nc6 7. d3 e6 8. f5
gxf5 9. exf5 d5 10. Bb5 Nge7 11. Bg5 f6 12. fxe6 fxg5 13. exd7+ Qxd7 14. Bxc6
bxc6 15. O-O h6 16. Nd2 O-O-O 17. Nb3 Nf5 18. Qd2 Bd4+ 19. Kh1 Be3 20. Qe2 Rde8
21. Na4 h5 22. Qf3 Ref8 23. Naxc5 Qd6 24. Ne4 Qe5 25. Rae1 g4 26. Qe2 dxe4 27.
dxe4 Qxe4 28. Qa6+ Kb8 29. Nc5 Qb4 30. Nd7+ Ka8 31. Nxf8 Rxf8 32. Rxe3 Nxe3 33.
Rxf8+ Qxf8 34. Qxc6+ Kb8 35. Qb5+ Kc7 36. Qe5+ Kb7 37. Qxe3 Qf1+ 38. Qg1 Qe2 39.
Qc1 h4 40. Kg1 h3 41. gxh3 gxh3 42. Qf1 Qe3+ 43. Qf2 Qc1+ 44. Qf1 Qe3+ 45. Qf2
Qc1+ 46. Qf1 Qe3+ 1/2-1/2

[Event "Titled Tue 20th May Early"]
[Site "chess.com INT"]
[Date "2025.05.20"]
[Round "9"]
[White "Szpar, Milosz"]
[Black "Piesik, Piotr"]
[Result "1-0"]
[WhiteTitle "IM"]
[BlackTitle "IM"]
[WhiteElo "2475"]
[BlackElo "2436"]
[WhiteFideId "1184989"]
[BlackFideId "1136194"]
[EventDate "2025.05.20"]

1. e4 c6 2. d4 d5 3. Nc3 dxe4 4. Nxe4 Nd7 5. Nf3 Ngf6 6. Nxf6+ Nxf6 7. c3 Bg4 8.
h3 Bxf3 9. Qxf3 e6 10. Qg3 Qb6 11. Bc4 Ne4 12. Qg4 Nd6 13. Bd3 h5 14. Qg3 g6 15.
Qe5 Rg8 16. O-O Nf5 17. a4 Bd6 18. Qe2 a5 19. Bg5 Qc7 20. Bxf5 gxf5 21. Qxh5 Be7
22. Bxe7 Qxe7 23. Rae1 Qf6 24. Re5 Rg5 25. Qf3 Kd7 26. Qf4 Rag8 27. g3 Rh5 28.
Kg2 Rh4 29. Qf3 Qh6 30. Rh1 f4 31. Rxa5 Rg7 32. Re5 fxg3 33. fxg3 Rf4 34. Qe3
Qf6 35. a5 Rf5 36. a6 bxa6 37. Ra1 Rxe5 38. dxe5 Qg6 39. Rd1+ Ke8 40. Rd2 Qb1
41. Qd4 1-0

[Event "Titled Tue 20th May Early"]
[Site "chess.com INT"]
[Date "2025.05.20"]
[Round "9"]
[White "Kim, Sergey"]
[Black "Krzywda, Andrzej"]
[Result "0-1"]
[WhiteTitle "FM"]
[BlackTitle "CM"]
[WhiteElo "2295"]
[BlackElo "2175"]
[WhiteFideId "13700570"]
[BlackFideId "1114565"]
[EventDate "2025.05.20"]

1. d4 Nf6 2. c4 g6 3. Nc3 Bg7 4. e4 d6 5. Nge2 Nbd7 6. Ng3 h5 7. h4 c5 8. d5 a6
9. a4 Rb8 10. Be2 Ne5 11. Bg5 e6 12. O-O O-O 13. Qd2 Re8 14. Rad1 Qb6 15. dxe6
Bxe6 16. Nd5 Bxd5 17. cxd5 Qb3 18. Rc1 Qxa4 19. f4 Neg4 20. Rc4 Qb3 21. Rf3 Qa2
22. e5 dxe5 23. f5 e4 24. Ra3 Qb1+ 25. Rc1 e3 26. Rxe3 Qa2 27. Bc4 Qa4 28. Rxe8+
Rxe8 29. fxg6 fxg6 30. d6+ Kh7 31. b3 Qd7 32. Rf1 b5 33. Bd3 Rd8 34. Bf4 Re8 35.
Re1 Rxe1+ 36. Qxe1 Nd5 37. Qe4 Bd4+ 38. Kh1 Nf2+ 39. Kh2 Nxe4 0-1

[Event "Titled Tue 20th May Early"]
[Site "chess.com INT"]
[Date "2025.05.20"]
[Round "9"]
[White "Rosen, Eric"]
[Black "Rustamov, Rustam"]
[Result "0-1"]
[WhiteTitle "IM"]
[BlackTitle "FM"]
[WhiteElo "2377"]
[BlackElo "2323"]
[WhiteFideId "2032562"]
[BlackFideId "13440110"]
[EventDate "2025.05.20"]

1. d4 Nf6 2. Bf4 d5 3. Nf3 c5 4. e3 Nc6 5. Nbd2 Bf5 6. dxc5 e6 7. Nd4 Bxc5 8.
Nxf5 exf5 9. Bd3 g6 10. O-O O-O 11. c3 Ne4 12. Nf3 Rc8 13. Bc2 Bd6 14. Bb3 Bxf4
15. exf4 Qd6 16. g3 Rcd8 17. Nd4 Qf6 18. f3 Nc5 19. Nxc6 Qxc6 20. Qd4 Ne6 21.
Qf2 a5 22. a3 b6 23. Rad1 Qb5 24. Ba2 Nc7 25. Rd4 Rfe8 26. Rd2 Qc5 27. Rfd1 Re3
28. b4 Qe7 29. bxa5 bxa5 30. c4 d4 31. Kg2 Ne6 32. c5 Nxc5 33. h4 Na4 34. Kh3
Nc3 35. Rxd4 Nxd1 36. Rxd8+ Qxd8 37. Qc2 Re7 38. Bc4 Ne3 39. Qc3 Nxc4 40. Qxc4
Rc7 41. Qa4 Rd7 42. h5 Rd1 43. h6 Rh1+ 44. Kg2 Rxh6 45. Qc2 Rh5 46. a4 h6 47.
Qe2 Kg7 48. g4 fxg4 0-1

[Event "Titled Tue 20th May Early"]
[Site "chess.com INT"]
[Date "2025.05.20"]
[Round "9"]
[White "Mayaud, Raphael"]
[Black "Ugarte Soto, Cesar"]
[Result "0-1"]
[WhiteTitle "CM"]
[BlackTitle "CM"]
[WhiteElo "2126"]
[BlackElo "2088"]
[WhiteFideId "627151"]
[BlackFideId "3601331"]
[EventDate "2025.05.20"]

1. d4 d5 2. Nf3 e6 3. c4 Nf6 4. g3 dxc4 5. Bg2 a6 6. a4 c5 7. O-O Nc6 8. dxc5
Qxd1 9. Rxd1 Bxc5 10. Nbd2 c3 11. bxc3 O-O 12. Nb3 Ba7 13. Nfd4 Bd7 14. Rb1 Rac8
15. Ba3 Rfe8 16. Nc5 Bxc5 17. Bxc5 Ne5 18. Bb4 Nc6 19. Nxc6 Bxc6 20. Bxc6 Rxc6
21. Ba5 Rc5 22. Bb4 Rd5 23. Rxd5 Nxd5 24. Ba5 b6 25. Bxb6 Rb8 26. a5 Nxc3 27.
Rb2 h5 28. Kf1 Nd5 29. e4 Nf6 30. f3 Nd7 31. Ke2 Ne5 32. Rc2 Nd7 33. Rc6 g5 34.
h4 gxh4 35. gxh4 Ne5 36. Rc5 Nd7 37. Rc6 Kh7 38. Ke3 Kg6 39. Kf4 Nf6 40. Rc5 Nd7
41. Rc6 Rb7 42. Rd6 Nf6 43. Rc6 Ng8 44. Rc5 Ne7 45. Rg5+ Kh6 46. Be3 Ng6+ 47.
Kg3 Rb3 48. Kf2 Nxh4 0-1

[Event "Titled Tue 20th May Early"]
[Site "chess.com INT"]
[Date "2025.05.20"]
[Round "9"]
[White "Piliposyan, Robert"]
[Black "Vokhidov, Shamsiddin"]
[Result "0-1"]
[WhiteTitle "IM"]
[BlackTitle "GM"]
[WhiteElo "2416"]
[BlackElo "2641"]
[WhiteFideId "13309978"]
[BlackFideId "14204223"]
[EventDate "2025.05.20"]

1. Nc3 Nf6 2. Nf3 d5 3. d4 e6 4. Bf4 Bb4 5. a3 Bxc3+ 6. bxc3 c5 7. dxc5 Qa5 8.
Qd3 Nbd7 9. e3 Nxc5 10. Qd4 Nce4 11. Qb4 Qc5 12. Be5 Bd7 13. Bd3 b6 14. Bd4 Qxb4
15. cxb4 Nd6 16. Ne5 Bb5 17. a4 Bxd3 18. cxd3 Nf5 19. Bb2 Nd7 20. g4 Nxe5 21.
Bxe5 Ne7 22. Rc1 f6 23. Bd6 Rc8 24. Kd2 Kd7 25. Bxe7 Kxe7 26. Rxc8 Rxc8 27. Rc1
Rxc1 28. Kxc1 e5 29. Kd2 Ke6 30. d4 exd4 31. exd4 f5 32. f3 Kf6 33. Ke3 Kg5 34.
gxf5 Kxf5 35. Kf2 Kf4 36. Ke2 g5 37. Kf2 h5 38. b5 g4 39. fxg4 hxg4 40. Kg2 Ke4
41. Kg3 Kxd4 42. Kxg4 Ke3 43. h4 d4 44. h5 d3 45. h6 d2 46. h7 d1=Q+ 47. Kg5 Qd4
48. Kg6 Qh8 49. a5 bxa5 50. b6 axb6 51. Kf5 a4 0-1

[Event "Titled Tue 20th May Early"]
[Site "chess.com INT"]
[Date "2025.05.20"]
[Round "9"]
[White "Jacobsen, Mikkel Manosri"]
[Black "Naranjo Moreno, Antonio"]
[Result "0-1"]
[WhiteTitle "FM"]
[BlackTitle "FM"]
[WhiteElo "2223"]
[BlackElo "2289"]
[WhiteFideId "1444514"]
[BlackFideId "2278626"]
[EventDate "2025.05.20"]

1. d4 Nf6 2. Nf3 g6 3. Bf4 Bg7 4. c3 O-O 5. Nbd2 d6 6. e4 c5 7. dxc5 dxc5 8. h3
Nc6 9. Be2 Nh5 10. Bh2 e5 11. O-O Nf4 12. Re1 Be6 13. Bxf4 exf4 14. Bc4 Bxc4 15.
Nxc4 b5 16. Nd6 Qb6 17. Qd5 Rad8 18. Rad1 Rd7 19. e5 Rfd8 20. Ng5 Nxe5 21. Rxe5
Qxd6 22. Qxd6 Rxd6 23. Rxd6 Rxd6 24. Re8+ Bf8 25. Nxh7 Kxh7 26. Rxf8 Kg7 27. Ra8
Rd1+ 28. Kh2 Rd2 29. Rxa7 Rxf2 30. Kg1 Rxb2 31. Rc7 c4 32. Rc5 Kf6 33. a4 bxa4
34. Rxc4 a3 35. Rxf4+ Ke5 36. Ra4 a2 37. Kh2 Kd5 38. Kg3 Kc5 39. h4 Kb5 40. Ra8
Kc4 41. Kf3 Kb3 42. g4 Rh2 43. Kg3 Rh1 44. Rb8+ Kc2 45. Ra8 a1=Q 46. Rxa1 Rxa1
47. c4 Ra4 48. h5 gxh5 49. gxh5 Rxc4 50. h6 Rc6 51. h7 Rh6 52. h8=Q Rxh8 0-1

[Event "Titled Tue 20th May Early"]
[Site "chess.com INT"]
[Date "2025.05.20"]
[Round "9"]
[White "Zou, Chen"]
[Black "Sjugirov, Sanan"]
[Result "0-1"]
[WhiteTitle "IM"]
[BlackTitle "GM"]
[WhiteElo "2443"]
[BlackElo "2638"]
[WhiteFideId "8610959"]
[BlackFideId "4189302"]
[EventDate "2025.05.20"]

1. Nf3 Nf6 2. c4 e6 3. d4 b6 4. Nc3 Bb4 5. e3 Bb7 6. Bd3 Ne4 7. Qc2 Bxc3+ 8.
bxc3 f5 9. O-O O-O 10. Ne1 d6 11. f3 Ng5 12. Be2 Nd7 13. Nd3 e5 14. c5 e4 15.
fxe4 Nxe4 16. Nf4 Qe7 17. Bc4+ Kh8 18. Ba3 dxc5 19. Rf3 Rf6 20. Bd5 c6 21. Bb3
Qe8 22. Raf1 Ba6 23. Re1 Nf8 24. Rh3 Ng6 25. Nh5 Rf8 26. dxc5 bxc5 27. Qd1 Rd8
28. Qc1 Ne5 29. c4 Nd3 30. Qa1 Rd7 31. Rd1 Nef2 32. Rxd3 Nxh3+ 33. gxh3 Qg6+ 34.
Kh1 Rxd3 35. Nf4 Qd6 36. Bb2 Rf7 37. Be5 Qd7 38. Qg1 Rd2 39. Qg5 Rd1+ 40. Bxd1
Qxd1+ 41. Kg2 Bxc4 0-1

[Event "Titled Tue 20th May Early"]
[Site "chess.com INT"]
[Date "2025.05.20"]
[Round "9"]
[White "Barrientos, Ernesto"]
[Black "Lukiyanchuk, Vladislav"]
[Result "0-1"]
[WhiteTitle "CM"]
[WhiteElo "2027"]
[BlackElo "2299"]
[WhiteFideId "3701247"]
[BlackFideId "14127113"]
[EventDate "2025.05.20"]

1. e4 e6 2. Nf3 d5 3. e5 c5 4. c3 Nc6 5. d4 Qb6 6. a3 a5 7. Bd3 Bd7 8. O-O Nge7
9. Re1 cxd4 10. cxd4 Nxd4 11. Nxd4 Qxd4 12. Nc3 Qb6 13. Qg4 Ng6 14. h4 Bc5 15.
Re2 Bd4 16. Qg3 Qc7 17. h5 Bxe5 18. Qg4 Ne7 19. Bg5 Bxc3 20. bxc3 Qxc3 21. Qg3
Qxa1+ 22. Kh2 Nc6 23. Qd6 h6 24. Bh4 Qd4 25. Qg3 O-O 26. Rd2 Qe5 27. f4 Qxh5 28.
Be2 Qg6 29. Qh3 Bc8 30. Rd3 e5 31. g4 exf4 32. Rxd5 Qe4 33. Bf3 Qe3 34. Qg2 Ne5
35. Be4 f3 36. Qc2 Nxg4+ 37. Kg3 f2+ 38. Kg2 Qf4 39. Bf3 Ne3+ 40. Kxf2 Nxc2 41.
Bg3 Qe3+ 42. Kg2 Ne1+ 43. Bxe1 Qxe1 44. Rd3 Be6 0-1

[Event "Titled Tue 20th May Early"]
[Site "chess.com INT"]
[Date "2025.05.20"]
[Round "9"]
[White "Karvatskyi, Oleksii"]
[Black "Ristic, Nebojsa M"]
[Result "1-0"]
[WhiteTitle "CM"]
[BlackTitle "IM"]
[WhiteElo "2248"]
[BlackElo "2248"]
[WhiteFideId "14191059"]
[BlackFideId "900850"]
[EventDate "2025.05.20"]

1. Nc3 g6 2. d4 Bg7 3. e4 d6 4. Bg5 h6 5. Be3 Nf6 6. Qd2 Nc6 7. h3 e5 8. d5 Nd4
9. Bxd4 exd4 10. Qxd4 O-O 11. O-O-O Re8 12. Qd3 b5 13. f3 b4 14. Nb5 Ba6 15. Qb3
Rb8 16. Nd4 Bxf1 17. Nc6 Qc8 18. Rxf1 Rb6 19. Ne2 a5 20. Ned4 Nd7 21. Rd1 Nc5
22. Qc4 Qb7 23. Nxa5 Qa8 24. Ndc6 b3 25. axb3 Rxc6 26. Nxc6 Qa1+ 27. Kd2 Qxb2
28. Rb1 Qf6 29. Ke2 Qg5 30. Kf2 Qf4 31. Rhe1 Bf6 32. g3 Qg5 33. h4 Qh5 34. b4
Na4 35. Nd4 Nb6 36. Qd3 g5 37. hxg5 Qh2+ 38. Ke3 Bxg5+ 39. f4 Qxg3+ 40. Kd2
Qxf4+ 41. Kc3 Ra8 42. Kb3 Qe5 43. Ra1 Re8 44. c3 Kh7 45. Nc6 Qg7 46. e5+ Kh8 47.
exd6 Rxe1 48. Rxe1 Qf8 49. dxc7 Qa8 50. Qd4+ Kg8 51. Qxb6 Qa2+ 52. Kxa2 Bf6 53.
c8=Q+ Kh7 54. Qf5+ 1-0

[Event "Titled Tue 20th May Early"]
[Site "chess.com INT"]
[Date "2025.05.20"]
[Round "9"]
[White "Toroptseva, Yevheniia"]
[Black "Sava, Robert-Gabriel"]
[Result "0-1"]
[WhiteTitle "WFM"]
[BlackTitle "CM"]
[WhiteElo "2064"]
[BlackElo "2155"]
[WhiteFideId "34109374"]
[BlackFideId "1265725"]
[EventDate "2025.05.20"]

1. e4 e6 2. b3 c5 3. Bb2 Nc6 4. Nf3 Nf6 5. e5 Nd5 6. c4 Nb6 7. g3 d5 8. exd6
Qxd6 9. Bg2 e5 10. O-O Be7 11. Nc3 f6 12. Nh4 Be6 13. Qh5+ g6 14. Qe2 O-O-O 15.
Rad1 Nd4 16. Qe4 Qc7 17. Nb5 Nxb5 18. cxb5 Bd5 19. Qe2 Bxg2 20. Nxg2 Kb8 21. a4
Nd5 22. Ne3 Nb4 23. d3 Qd7 24. Bc3 Nd5 25. Nxd5 Qxd5 26. Qe4 Qxb3 27. Ba5 Rd4
28. Qf3 Qxa4 29. Bc3 Rd7 30. Ra1 Qxb5 31. Rfb1 Rxd3 32. Qe4 Qd7 33. Rxb7+ Qxb7
34. Qxd3 Rd8 35. Qf1 Rd6 36. Ba5 Bd8 37. Rb1 Bb6 38. Bc3 Qd5 39. Ba5 Kb7 40.
Bxb6 axb6 41. Ra1 Qd3 42. Qe1 e4 43. Qb1 Qxb1+ 44. Rxb1 c4 45. Kf1 c3 46. Ke2 c2
47. Rc1 Rc6 48. Ke3 b5 49. Kxe4 b4 50. Kd3 b3 51. f4 b2 52. Rxc2 b1=Q 53. Kd4
Qxc2 54. Kd5 Qc4# 0-1